| 000 | 00505nam a2200193 i 4500 | ||
|---|---|---|---|
| 001 | bg | ||
| 100 | 1 | _aKAMPEL, I. J. | |
| 245 | 0 |
_aPółprzewodniki : _bteoria i zastosowanie / _cI.J. Kampel. |
|
| 260 |
_aWarszawa, _c1974. |
||
| 490 | 1 | _aBiblioteka Problemów | |
| 650 | 9 |
_aPółprzewodniki _xteoria |
|
| 650 | 9 |
_aPółprzewodniki _xstosowanie |
|
| 830 | _aBiblioteka Problemów | ||
| 040 | _cBPK | ||
| 041 | _apol | ||
| 080 | _a621.382 | ||
| 942 | _cKS | ||
| 008 | s pl f |000 0 pol | ||
| 999 |
_c26691 _d26691 |
||
| 856 |
_uhttp://koha.tu.koszalin.pl/cgi-bin/koha/opac-detail.pl?biblionumber=26691 _yKatalog online BPK |
||